00655nam a2200241 a 4500001001300000003000900013005001700022008004100039020001000080082001500090100001700105245003300122260003700155300000900192500003500201505001000236650002500246700001700271902000800288942000700296952009500303999001500398nice12345678IN_TiNIC20260116011526.0050524s1911 lona grp 000 0 eng  ac10000a225.9bDEI aDeissmann, A aLight from the Ancient East. aLondonbHodder & Stoughtonc1911 a541p aincludes index and biblioraphy2 aIndex aBible-Historiography1 aDeissmann, A bSRS cBK 00104070aHMIbHMId2007-06-20g100.00l0o225.9 DEIp1741r2007-06-20w2026-01-16yARB c2310d2310